[Event "AUTO-OPEN-905"]
[Site "http://www.queenalice.com/game.php?id=305673"]
[Date "2007.11.17"]
[Round "1"]
[White "ZbynioG"]
[Black "graco"]
[Result "1-0"]
[WhiteElo "1886"]
[BlackElo "1436"]

1. d4 d5 2. c4 c5 3. dxc5 d4 4. Nf3 Bf5 5. Qxd4 Qa5+ 6. Bd2 Qa4 7. e4 Nc6 8. Qe3
Qc2 9. exf5 Qxb2 10. Bc3 Qc2 11. Bd3 Qa4 12. O-O g6 13. Bxh8 Bh6 14. Qe2 gxf5
15. Nc3 Qb4 16. Nd5 Rc8 17. Rab1 Qxc5 18. Rxb7 Rb8 19. Rxb8+ Nd8 20. Bxf5 e6 21.
Bxe6 fxe6 22. Qxe6+ Ne7 23. Nf6+ Kf8 24. Rxd8# 1-0

[Event "AUTO-INT-687"]
[Site "http://www.queenalice.com/game.php?id=305749"]
[Date "2007.11.17"]
[Round "1"]
[White "Tremembe"]
[Black "graco"]
[Result "0-1"]
[WhiteElo "1369"]
[BlackElo "1398"]

1. e4 e5 2. Bc4 Bc5 3. Qh5 g6 4. Qxe5+ Qe7 5. Qxh8 Qf8 6. Qe5+ Qe7 7. Qxe7+ Nxe7
8. Nf3 c6 9. Ne5 d5 10. exd5 b5 11. d6 bxc4 12. dxe7 Bxe7 13. Nxc4 Ba6 14. Na5
Bb4 15. Nb3 Nd7 16. a3 Bd6 17. d3 O-O-O 18. O-O Nf6 19. Bg5 Be7 0-1

[Event "AUTO-INT-687"]
[Site "http://www.queenalice.com/game.php?id=305750"]
[Date "2007.11.17"]
[Round "1"]
[White "graco"]
[Black "Tremembe"]
[Result "1-0"]
[WhiteElo "1382"]
[BlackElo "1385"]

1. Nf3 d5 2. Nd4 e5 3. Nf5 Bxf5 4. e4 Bxe4 5. Bb5+ c6 6. f3 Bg6 7. Bd3 Bxd3 8.
cxd3 d4 9. Qe2 Bd6 10. O-O Nf6 11. f4 e4 12. dxe4 Bc5 13. Qc4 b6 14. e5 Nd5 15.
Nc3 Nxc3 16. e6 fxe6 17. Qxe6+ Qe7 18. Qc8+ Qd8 19. Re1+ Kf7 20. Qe6+ 1-0

[Event "AUTO-INT-687"]
[Site "http://www.queenalice.com/game.php?id=305765"]
[Date "2007.11.17"]
[Round "1"]
[White "Wefferson_Emerich"]
[Black "graco"]
[Result "1-0"]
[WhiteElo "1540"]
[BlackElo "1403"]

1. e4 e5 2. Bc4 Bc5 3. Qf3 Nf6 4. d3 g5 5. Bxg5 Nc6 6. Bxf6 Qxf6 7. Qxf6 O-O 8.
Nh3 Nd8 9. Qg5+ Kh8 10. Qxe5+ f6 11. Qxc5 d6 12. Qxc7 Bxh3 13. gxh3 Rf7 14. Bxf7
Nxf7 15. Qxf7 Rg8 16. Qxf6+ Rg7 17. Rg1 h5 18. Qxg7# 1-0

[Event "AUTO-INT-687"]
[Site "http://www.queenalice.com/game.php?id=305766"]
[Date "2007.11.17"]
[Round "1"]
[White "graco"]
[Black "Wefferson_Emerich"]
[Result "0-1"]
[WhiteElo "1517"]
[BlackElo "1555"]

1. Nc3 e5 2. Nd5 c6 3. Ne3 Qf6 4. f3 d5 5. Ng4 Bxg4 6. fxg4 Qh4+ 7. g3 Qxg4 8.
Nf3 e4 9. Nd4 Bc5 10. c3 Nf6 11. e3 Qxd1+ 12. Kxd1 Ng4 13. Rg1 Nxh2 14. Bh3 O-O
15. b4 Bxd4 16. cxd4 a5 17. Ba3 axb4 18. Bxb4 Re8 19. Bf5 g6 20. Rh1 Na6 21. Bd7
Red8 22. Bh3 Nxb4 23. Rxh2 Rxa2 24. Rb1 Ra4 25. Kc1 Nd3+ 26. Kc2 b5 27. Kb3 Rda8
28. Bf1 Ra3+ 29. Kc2 Ra2+ 30. Kd1 Ra1 31. Rxa1 Rxa1+ 32. Ke2 b4 33. Rh1 b3 34.
Bg2 b2 35. Bh3 Rxh1 36. Bg2 Re1# 0-1

[Event "AUTO-INT-687"]
[Site "http://www.queenalice.com/game.php?id=305777"]
[Date "2007.11.17"]
[Round "1"]
[White "graco"]
[Black "cloifer17"]
[Result "0-1"]
[WhiteElo "1415"]
[BlackElo "1428"]

1. e4 d5 2. exd5 Qxd5 3. Nc3 Qe5+ 4. Nce2 Nf6 5. d4 Qe4 6. f3 Qc6 7. Nf4 Na6 8.
d5 Qc5 9. Be3 Qxe3+ 10. Qe2 Qxf4 11. g3 Qb4+ 12. c3 Qc5 13. O-O-O Nxd5 14. Rd4
e6 15. Qe5 Bd6 16. Qxg7 Rf8 17. c4 e5 18. Re4 Ne3 19. Ne2 Nxc4 20. f4 Na3+ 21.
Nc3 Bf5 22. Ra4 Qe3+ 23. Kd1 Bc2# 0-1

[Event "AUTO-OPEN-906"]
[Site "http://www.queenalice.com/game.php?id=306106"]
[Date "2007.11.18"]
[Round "1"]
[White "Brandon"]
[Black "graco"]
[Result "1-0"]
[WhiteElo "2345"]
[BlackElo "1459"]

1. e4 e5 2. Nf3 Nf6 3. Nxe5 Nxe4 4. Qe2 Qe7 5. Qxe4 d6 6. d4 f5 7. Qf4 dxe5 8.
dxe5 g5 9. Qxg5 Qxg5 10. Bxg5 Be7 11. Bxe7 Kxe7 12. Nc3 Re8 13. Nd5+ Kd7 14.
O-O-O c6 15. Nb6+ Kc7 16. Nxa8# 1-0

[Event "AUTO-OPEN-906"]
[Site "http://www.queenalice.com/game.php?id=306107"]
[Date "2007.11.18"]
[Round "1"]
[White "graco"]
[Black "Brandon"]
[Result "0-1"]
[WhiteElo "1457"]
[BlackElo "2346"]

1. Nf3 d5 2. Nc3 Nf6 3. Nb5 a6 4. Nbd4 c5 5. Nb3 c4 6. Nbd4 Qc7 7. d3 e5 8. Nf5
Bxf5 9. Bg5 Qb6 10. Nxe5 Bc5 11. e3 Qxb2 12. Qb1 Qc3+ 13. Kd1 Ng4 14. Nxg4 Bb4
15. e4 Qe1# 0-1

[Event "AUTO-OPEN-906"]
[Site "http://www.queenalice.com/game.php?id=306130"]
[Date "2007.11.18"]
[Round "1"]
[White "alib2004"]
[Black "graco"]
[Result "1-0"]
[WhiteElo "1835"]
[BlackElo "1422"]

1. e4 Nf6 2. Nc3 Nc6 3. Nf3 e5 4. Bc4 Bc5 5. O-O O-O 6. b3 b6 7. Bb2 Bb7 8. Nd5
Nd4 9. Nxe5 c6 10. Nxf6+ gxf6 11. Qg4+ Kh8 12. Nxf7+ Rxf7 13. Bxf7 Qe7 14. Qh5
Rf8 15. Bg6 Nxc2 16. Rac1 Kg7 17. Qxh7# 1-0

[Event "AUTO-OPEN-906"]
[Site "http://www.queenalice.com/game.php?id=306131"]
[Date "2007.11.18"]
[Round "1"]
[White "graco"]
[Black "alib2004"]
[Result "0-1"]
[WhiteElo "1511"]
[BlackElo "1893"]

1. Nc3 g6 2. Nf3 Bg7 3. Nd5 e6 4. Nb4 d5 5. d4 Bd7 6. Bg5 Nf6 7. Bxf6 Bxf6 8. e3
Nc6 9. Bb5 Nxb4 10. Be2 c5 11. O-O cxd4 12. exd4 O-O 13. c3 Nc6 14. Nh4 Bxh4 15.
Qd3 Bf6 16. Qb5 Rb8 17. Qc5 Qe7 18. Qxe7 Nxe7 19. Rae1 a6 20. b4 b5 21. a3 Nf5
22. Bg4 Nd6 23. Bh3 Nc4 24. Ra1 Bc6 25. Rfe1 e5 26. f3 exd4 27. cxd4 Bxd4+ 28.
Kf1 Bxa1 29. Rxa1 f5 30. g4 fxg4 31. Bxg4 Ne3+ 32. Kf2 Nxg4+ 33. Kg3 Ne5 34. Rf1
d4 35. h4 Rxf3+ 36. Rxf3 Nxf3 37. h5 gxh5 38. Kh3 d3 39. a4 d2 40. axb5 Bxb5 41.
Kg2 d1=Q 42. Kg3 Nd4 43. Kf4 Re8 44. Kg5 Qg4+ 45. Kf6 Qg6# 0-1

[Event "AUTO-OPEN-906"]
[Site "http://www.queenalice.com/game.php?id=306146"]
[Date "2007.11.18"]
[Round "1"]
[White "graco"]
[Black "chiknya"]
[Result "0-1"]
[WhiteElo "1388"]
[BlackElo "1132"]

1. Nc3 e5 2. Nd5 d6 3. e4 Nf6 4. Bc4 Nxe4 5. d3 Nc5 6. Qf3 Be6 7. Nb4 c6 8. Bxe6
Nxe6 9. Nh3 Be7 10. Ng5 Bxg5 11. O-O O-O 12. h4 Bxc1 13. Raxc1 Qxh4 14. g3 Qe7
15. Qg4 Nd7 16. Rce1 Qg5 17. Qc4 Nf4 18. Re3 Nh3+ 19. Kg2 Nf4+ 20. Kf3 Qh5+ 21.
g4 Qh3+ 22. Ke4 Nf6+ 23. Kf5 Qxg4# 0-1

[Event "AUTO-OPEN-906"]
[Site "http://www.queenalice.com/game.php?id=306147"]
[Date "2007.11.18"]
[Round "1"]
[White "chiknya"]
[Black "graco"]
[Result "1-0"]
[WhiteElo "1269"]
[BlackElo "1382"]

1. d4 d5 2. Nf3 Bg4 3. Ne5 Bf5 4. e3 f6 5. Nd3 Nc6 6. Qf3 Nh6 7. Nc3 Be4 8. Nxe4
dxe4 9. Qxe4 f5 10. Qf3 e6 11. Bd2 Bb4 12. Nxb4 Qh4 13. Nxc6 O-O 14. Ne5 Ng4 15.
Bc4 Nxh2 16. Qg3 Nf3+ 17. Ke2 Qxg3 18. fxg3 Nxe5 19. dxe5 Rae8 20. Rh3 g6 21.
Rah1 h5 22. e4 fxe4 23. Bg5 Rf5 24. Bf6 c6 25. g4 hxg4 26. Rh8+ Kf7 27. R1h7#
1-0

[Event "AUTO-INT-689"]
[Site "http://www.queenalice.com/game.php?id=306604"]
[Date "2007.11.19"]
[Round "1"]
[White "wolfgang"]
[Black "graco"]
[Result "1-0"]
[WhiteElo "1664"]
[BlackElo "1421"]

1. e4 e5 2. Nf3 Nf6 3. d3 Bc5 4. Nxe5 O-O 5. Bg5 d6 6. Nc4 Bg4 7. f3 b5 8. Na5
Bb4+ 9. Bd2 c5 10. Nb3 Be6 11. Bxb4 cxb4 12. N1d2 Nc6 13. Be2 a5 14. d4 a4 15.
Bxb5 Qb6 16. Bxc6 Qxc6 17. d5 Qb5 18. Nd4 Qa6 19. dxe6 Rac8 20. f4 a3 21. b3
Rce8 22. f5 fxe6 23. Nxe6 Nxe4 24. Nxe4 Rxf5 25. Qg4 Rf7 26. O-O-O Qc6 27. Rxd6
Qb5 28. Nf6+ Kh8 29. Nxe8 Qxe8 30. Rd8 Qxd8 31. Nxd8 g6 32. Nxf7+ Kg7 33. Rf1 h5
34. Qg5 h4 35. Qh6+ Kg8 36. Qh8# 1-0

[Event "AUTO-INT-689"]
[Site "http://www.queenalice.com/game.php?id=306605"]
[Date "2007.11.19"]
[Round "1"]
[White "graco"]
[Black "wolfgang"]
[Result "0-1"]
[WhiteElo "1455"]
[BlackElo "1615"]

1. d4 g6 2. Bg5 f6 3. Bh4 d5 4. e3 c5 5. Bb5+ Bd7 6. Bxd7+ Nxd7 7. Nc3 e6 8. Qf3
Qb6 9. O-O-O O-O-O 10. Na4 Qa5 11. Nxc5 Bxc5 12. dxc5 Qxc5 13. e4 Kb8 14. Ne2
Rc8 15. Nc3 Ne5 16. Qf4 g5 17. Qg4 Nxg4 18. Rhf1 gxh4 19. f3 Ne3 20. exd5 Nxf1
21. Rxf1 exd5 22. Rd1 Ne7 23. Na4 Qxc2# 0-1

[Event "AUTO-INT-689"]
[Site "http://www.queenalice.com/game.php?id=306618"]
[Date "2007.11.19"]
[Round "1"]
[White "brainiac"]
[Black "graco"]
[Result "1-0"]
[WhiteElo "1972"]
[BlackElo "1513"]

1. e4 e5 2. Nf3 Bc5 3. Nxe5 Qh4 4. Qf3 Nf6 5. d3 d6 6. g3 Qh5 7. Qxh5 Nxh5 8.
Nc4 O-O 9. Be2 Nf6 10. e5 Ng4 11. exd6 Bxf2+ 12. Kf1 Nc6 13. Bxg4 Re8 14. d7
Re1+ 15. Kg2 Bxd7 16. Rxe1 Bxe1 17. Bxd7 Nd4 18. c3 Nc2 19. Kf1 Nxa1 20. Kxe1
Rd8 21. Bf5 Re8+ 22. Ne3 Nc2+ 23. Ke2 g6 24. Be4 Nxe3 25. Bxe3 f5 26. Bxb7 g5
27. Kd2 f4 28. gxf4 gxf4 29. Bxf4 Rf8 30. Bxc7 Rf2+ 31. Kc1 h5 32. Bd5+ Kh7 33.
Be5 Kg6 34. Nd2 Kf5 35. Bg3 Re2 36. Be4+ Kg4 37. Bf3+ Kh3 38. Bxe2 h4 39. Be5 a5
40. Bf1+ Kg4 41. h3+ Kf5 42. d4 a4 43. a3 Ke6 44. Nf3 Kd5 45. Nxh4 Ke4 46. Ng6
Kf5 47. Bd3+ Ke6 48. Nf4+ Kf7 49. h4 Ke7 50. Nd5+ Ke6 51. Nc7+ Kd7 52. h5 Kd8
53. h6 Ke7 54. h7 Kd7 55. h8=Q Ke7 56. Qe8# 1-0

[Event "AUTO-INT-689"]
[Site "http://www.queenalice.com/game.php?id=306619"]
[Date "2007.11.19"]
[Round "1"]
[White "graco"]
[Black "brainiac"]
[Result "0-1"]
[WhiteElo "1390"]
[BlackElo "1954"]

1. Nf3 d5 2. Nc3 Nf6 3. d4 g6 4. Bf4 Nc6 5. e3 e6 6. Bb5 Bd7 7. O-O a6 8. Bxc6
Bxc6 9. Qd2 Nh5 10. Rae1 Nxf4 11. exf4 Bb4 12. a3 Bxc3 13. bxc3 Bb5 14. c4 Bxc4
15. f5 Bxf1 16. Rxf1 gxf5 17. Qh6 Qe7 18. Ng5 O-O-O 19. Qg7 Rdf8 20. Nxh7 Rfg8
21. Qf6 Qxf6 22. Nxf6 Rg6 23. Nxd5 exd5 24. Re1 Rhg8 25. Re7 Rxg2+ 26. Kf1 Rxh2
27. Rxf7 Rh1+ 28. Ke2 Re8+ 29. Kd3 Rh3+ 30. Kd2 Rf3 31. c3 Rxf2+ 32. Kd3 f4 33.
c4 Re3# 0-1

[Event "AUTO-INT-689"]
[Site "http://www.queenalice.com/game.php?id=306628"]
[Date "2007.11.19"]
[Round "1"]
[White "graco"]
[Black "appalachia"]
[Result "1-0"]
[WhiteElo "1447"]
[BlackElo "1353"]

1. e4 d5 2. exd5 Qxd5 3. Nc3 Qd8 4. Bb5+ c6 5. Bc4 b5 6. Bb3 Bb7 7. Nge2 b4 8.
Ne4 c5 9. Nxc5 Nc6 10. Nf4 e6 11. Nxb7 Qc7 12. Nc5 Qxf4 13. d3 Qe5+ 14. Be3 1-0

[Event "AUTO-INT-689"]
[Site "http://www.queenalice.com/game.php?id=306629"]
[Date "2007.11.19"]
[Round "1"]
[White "appalachia"]
[Black "graco"]
[Result "0-1"]
[WhiteElo "1366"]
[BlackElo "1434"]

1. g4 c5 2. Bg2 d6 3. h3 e5 4. Bd5 Qh4 5. Nf3 Qf6 6. g5 Qf4 7. h4 e4 8. d3 e3 9.
Bxe3 Qb4+ 10. c3 Qxb2 11. Nbd2 Qxc3 12. Qc1 Qxc1+ 13. Rxc1 Be6 14. Bxe6 fxe6 15.
Nc4 d5 16. Nce5 d4 0-1

[Event "AUTO-OPEN-907"]
[Site "http://www.queenalice.com/game.php?id=306773"]
[Date "2007.11.19"]
[Round "1"]
[White "wolfgang"]
[Black "graco"]
[Result "1-0"]
[WhiteElo "1657"]
[BlackElo "1428"]

1. e4 e5 2. Nf3 Bc5 3. Nxe5 Qf6 4. Nf3 Qf4 5. d4 Bb4+ 6. c3 Qxe4+ 7. Be2 Ba5 8.
Qa4 b6 9. Qc4 d5 10. Qa4+ Bd7 11. Qb3 Nf6 12. Nbd2 Qf4 13. Ne5 Ne4 14. Ndf3 Qf5
15. Qxd5 O-O 16. Qxa8 Bc6 17. Nxc6 Nd7 18. Qxa7 Qg4 19. O-O h5 20. Re1 Kh7 21.
Ng5+ Nxg5 22. Bxg4 hxg4 23. Bxg5 Kg6 24. Bh4 Rh8 25. g3 Nf6 26. Re5 Re8 27. Ne7+
Rxe7 28. Rxe7 Nd5 29. Re5 Nf6 30. Rg5+ Kh6 31. Qb8 Nh7 32. Qh8 g6 33. Re1 f6 34.
Rd5 g5 35. Re7 Kg6 36. Qxh7# 1-0

[Event "AUTO-OPEN-907"]
[Site "http://www.queenalice.com/game.php?id=306774"]
[Date "2007.11.19"]
[Round "1"]
[White "graco"]
[Black "wolfgang"]
[Result "0-1"]
[WhiteElo "1445"]
[BlackElo "1625"]

1. e4 c5 2. e5 e6 3. c4 Nc6 4. f4 Nh6 5. Nf3 Nf5 6. Nc3 Be7 7. Bd3 Nfd4 8. Nxd4
Nxd4 9. Qa4 O-O 10. Qd1 d6 11. Qh5 g6 12. Qh6 Re8 13. g4 Bf8 14. Qh3 a6 15. f5
dxe5 16. fxg6 fxg6 17. Ne4 Bg7 18. Rf1 b6 19. Ng5 Qxg5 20. Qe3 Qxe3+ 21. Kd1
Qxd3 22. Ke1 Qe2# 0-1

[Event "AUTO-OPEN-907"]
[Site "http://www.queenalice.com/game.php?id=306793"]
[Date "2007.11.19"]
[Round "1"]
[White "pedrogarciass"]
[Black "graco"]
[Result "1-0"]
[WhiteElo "1765"]
[BlackElo "1418"]

1. e4 e5 2. Bc4 Bc5 3. Qf3 Nf6 4. d3 g5 5. Bxg5 h6 6. Bxf6 Bb4+ 7. c3 Be7 8.
Bxh8 d5 9. Bxd5 Be6 10. Bxe6 fxe6 11. Bxe5 Nd7 12. Qh5+ Kf8 13. Bd4 Nf6 14.
Qxh6+ Kf7 15. Bxf6 Bxf6 16. Qh7+ Bg7 17. d4 Qh8 18. Qxh8 Rxh8 19. Nf3 Rh5 20.
O-O Bf6 21. e5 Be7 22. Nbd2 Kg6 23. Rfe1 Kf5 24. Re4 Kg6 25. Rae1 Kf7 26. Rg4 b5
27. Ne4 Rf5 28. Neg5+ Bxg5 29. Nxg5+ Kg6 30. Nxe6+ Kf7 31. Nxc7 a6 32. e6+ Kf6
33. e7 Rg5 34. Rf4+ Rf5 35. Nd5+ Kf7 36. Rxf5+ Kg6 37. Rf3 a5 38. e8=Q+ Kg5 39.
Qg8+ Kh4 40. Rh3# 1-0

[Event "AUTO-OPEN-907"]
[Site "http://www.queenalice.com/game.php?id=306794"]
[Date "2007.11.19"]
[Round "1"]
[White "graco"]
[Black "pedrogarciass"]
[Result "0-1"]
[WhiteElo "1416"]
[BlackElo "1767"]

1. e3 e5 2. d3 d5 3. f3 Be6 4. d4 exd4 5. e4 dxe4 6. fxe4 g6 7. Ne2 Bg4 8. Qxd4
Qxd4 9. Nxd4 Bg7 10. Be2 Bxd4 11. Bxg4 Nf6 12. Nd2 Nxg4 13. Nf3 Bb6 14. h3 Nf6
15. Bg5 Nxe4 16. Rf1 Nc6 17. Rd1 O-O 18. Bh6 Rfe8 19. Rd7 Nc5+ 20. Kf2 Nxd7+ 21.
Kg3 Nf6 22. Ng5 Ne4+ 23. Kg4 Nxg5 24. Kxg5 Re4 25. Rf4 Be3 26. g3 Rae8 27. Kg4
Bxf4 28. Bxf4 Ne5+ 29. Kg5 Nf3+ 30. Kg4 Nd4 31. h4 Ne2 32. h5 Nxf4 33. gxf4 f5+
34. Kg5 gxh5 35. Kxf5 h4 36. c4 h3 37. b4 h2 38. c5 h1=Q 39. Kf6 Qg2 40. f5 Rf8#
0-1

[Event "AUTO-OPEN-907"]
[Site "http://www.queenalice.com/game.php?id=306805"]
[Date "2007.11.19"]
[Round "1"]
[White "graco"]
[Black "sirofa"]
[Result "0-1"]
[WhiteElo "1420"]
[BlackElo "2252"]

1. g3 e5 2. e3 d5 3. d3 Nf6 4. Nf3 Nc6 5. Nc3 Bb4 6. e4 dxe4 7. dxe4 Qxd1+ 8.
Kxd1 Bg4 9. Be2 Rd8+ 10. Nd5 Nxe4 11. Be3 Rxd5+ 12. Bd3 Bxf3+ 13. Kc1 Bxh1 14.
a3 Bc5 15. b4 Bd4 16. Bxe4 Bxe4 17. Bg5 Bxa1 18. f4 Nd4 19. Kd2 Nxc2+ 20. Ke2
Bd3+ 21. Kd2 Bb5+ 22. Kxc2 Ba4+ 23. Kb1 Rd1+ 24. Ka2 Bd4 25. fxe5 Ra1# 0-1

[Event "AUTO-OPEN-907"]
[Site "http://www.queenalice.com/game.php?id=306806"]
[Date "2007.11.19"]
[Round "1"]
[White "sirofa"]
[Black "graco"]
[Result "1-0"]
[WhiteElo "2254"]
[BlackElo "1392"]

1. e4 e5 2. Nf3 Nc6 3. Bb5 Nd4 4. Nxd4 c6 5. Nf3 cxb5 6. d4 d5 7. dxe5 dxe4 8.
Qxd8+ Kxd8 9. Ng5 Bb4+ 10. c3 f6 11. Nf7+ Ke7 12. Nxh8 Bc5 13. Nd2 e3 14. fxe3
Bxe3 15. Rf1 Bg4 16. Ne4 Bb6 17. exf6+ Nxf6 18. Bg5 Rxh8 19. Nxf6 gxf6 20. Bxf6+
Ke6 21. Bxh8 Be3 22. Rf6+ Ke5 23. h3 Ke4 24. hxg4 Kd3 25. Rf3 a5 26. Rd1+ Ke4
27. Bf6 b4 28. Ke2 Bf4 29. Rd4# 1-0